Normal view MARC view
  • Economic history

Entry Topical Term

Number of records used in: 3

001 - CONTROL NUMBER

  • control field: 12772

003 - CONTROL NUMBER IDENTIFIER

  • control field: NUST

005 - DATE AND TIME OF LATEST TRANSACTION

  • control field: 20181222070536.0

008 - FIXED-LENGTH DATA ELEMENTS

  • fixed length control field: 181222|| aca||aabn | a|a d

040 ## - CATALOGING SOURCE

  • Original cataloging agency: NUST
  • Transcribing agency: NUST

150 ## - HEADING--TOPICAL TERM

  • Topical term or geographic name entry element: Economic history
  • Chronological subdivision: 1990-

670 ## - SOURCE DATA FOUND

  • Source citation: Work cat.: (NUST)0: McRae, Hamish. 12769, The world in 2020 :, 1995.
© 2023 Central Library, National University of Sciences and Technology. All Rights Reserved.